| 000 | 03770nam0a22004931 4500 | ||
|---|---|---|---|
| 001 | v19\rc\2113349 | ||
| 005 | 20260407102348.0 | ||
| 035 | _a(NLR Aleph) 005183465 | ||
| 090 |
_a5147911 _c5147911 |
||
| 100 | _a20090914d1812 |||y0rusy50 ca | ||
| 101 | 1 |
_arus _cfre |
|
| 102 | _aRU | ||
| 135 | _acrcn 024anaba | ||
| 140 | _ay l zkc yaa0000 | ||
| 200 | 1 |
_aГеометрия, _eв пользу и употребление обучающихся господ кадет при Iм Кадетском корпусе. _fСочиненная действительным статским советником академиком и кавалером. Николаем Ивановичем Фуссом. _gПереведена с французскаго языка |
|
| 205 | _aВторым тиснением | ||
| 210 |
_aСанктпетербург _cпри Iм Кадетском корпусе _d1812 |
||
| 215 |
_a[6], 293, [1] с., IX л. черт. _d8° |
||
| 300 | _aЧерт.: очерк | ||
| 316 |
_aЭкз. РНБ (18.107.4.18) в составном картон. пер., покрытом мрамор. бумагой с коричневыми кожаными корешком и уголками. На нижней крышке пер. экслибрис РКФ РНБ шифром. Корешок с блинтовым тиснением, сверху надорван. На корешке красная кожаная наклейка с тисн. загл.: "Геометрия", бумаж. наклейка с указанием порядкового номера кн. на полке: "18" и бумаж. наклейка с буквами: "Фус". На форзаце ярлык с шифром РНБ. На тит. л., с.33, 178, 293 и оборотах л. черт. круглый штамп ГПБ. На с.[5] штамп ИБ в венке с короной. Размер: 20,7х13,0х3,5 см _5NLR: 18.107.4.18 |
||
| 321 | 1 | _aСоп. 2794 | |
| 325 | _aКопия доступна в Электрон. б-ке РНБ | ||
| 327 | 1 |
_aСодерж.: Часть первая содержащая планиметрию (С.[3-6], 1-178) _aЧасть вторая содержащая стереометрию (С.179-293) |
|
| 464 | 0 |
_12001#$aГеометрия часть первая содержащая планиметрию _tГеометрия часть первая содержащая планиметрию |
|
| 464 | 0 |
_12001#$aГеометрия часть вторая содержащая стереометрию _tГеометрия часть вторая содержащая стереометрию |
|
| 620 | _dСанкт-Петербург | ||
| 700 | 1 |
_7ca _8rus _aФусс _bН. И. _f1755-1826 _gНиколай Иванович _9171980 _3RU\NLR\AUTH\770172030 |
|
| 712 | 0 | 2 |
_4610 _aКадетский корпус _bТипография _c1; Петербург _9355971 _3RU\NLR\AUTH\889930203 |
| 801 | 0 |
_aRU _bNLR _gpsbo |
|
| 801 | 1 |
_aRU _bProSoft-M _2rusmarc |
|
| 852 |
_aNLR _j18.107.4.18 |
||
| 852 |
_aNLR _bРэ _jШК/Ф-958 о2 |
||
| 942 | _cBOOK | ||
| 980 | _aNB | ||
| 980 | 3 | _akpcivil2021 | |
| 980 | 3 | _akp2021 | |
| 980 | 3 | _akp | |
| 981 | 2 | 2 |
_a(22) Материалы по истории России _b(22) Культура. Наука. Просвещение. |
| 981 | 2 | 0 |
_a(20) Книжные памятники РНБ _b(20) Русский книжный фонд |